zpět

Detail výsledku týmu

Suzie's, Brno

Datum a čas kvízu

28 Celkem bodů Celkový počet nahraných bodů na tomto kvízu bez doplňovacích otázek.
8. Pořadí na kvízu Konečné umístění týmu na tomto kvízu.

Zaznamenané odpovědi

# Otázka Odpověď Body Výsledky
1. Ve středu ve 12 hodin jsme se... zkouška sirén 1
2. Elon Musk si do nového roku zm... B) žabáka 1
3. Ve čtvrtek měl v českých kinec... Nosferatu 1
4. Ve čtvrtek byla v pražských Št... Lidl 1
5. V neděli byl oficiálně oznámen... SK Slavia Praha, Tottenham Hotspur FC 1
6. Z historie se zdá, že Američan... Dwight Eisenhower 1
7. Stanford Strickland je filmová... Návrat do budoucnosti 0
8. Pod kterým uměleckým pseudonym... Vin Diesel 0
9. Lebkouni ze stejnojmenného fil... A 0
10. „Jak vykrást banku“ je francou... Václav Faltus; František Filipovský 0